000 00283cam a22000977a 4500
008 180718b1961 xxu||||| |||| 00| 0 eng d
082 _aLx54 In2/6/mr
245 _aMemorandum presented to the finance commission
260 _aJaipur
_bThe Government Central Press
_c1961
300 _a49+p.
999 _c500229
_d500229